| 000 | 00373nam a2200145Ia 4500 | ||
|---|---|---|---|
| 008 | 240624s9999 xx 000 0 und d | ||
| 041 | _aeng | ||
| 082 | _a657.42 KIS | ||
| 100 | _aKISHORE RAVI M | ||
| 245 | _aCOST ACCOUNTING AND FINANCIAL MANAGEMENT W | ||
| 250 | _a(2nd ed.) | ||
| 260 |
_c2004 _aNew Delhi _bTaxmann |
||
| 300 | _axxxv, : 987 : p. : cm. ; 24 | ||
| 365 | _cRS | ||
| 999 |
_c2576 _d2576 |
||